[Event "Olympiad-29"]
[Site "Novi Sad"]
[Date "1990.11.20"]
[Round "4"]
[White "Short, Nigel D"]
[Black "Georgiev, Kiril"]
[Result "1/2-1/2"]
[WhiteElo "2610"]
[BlackElo "2580"]
[Annotator "Pekarek,A"]
[PlyCount "101"]
[EventDate "1990.11.17"]
[EventType "team-swiss"]
[EventRounds "14"]
[EventCountry "YUG"]
[SourceTitle "TD"]
[Source "ChessBase"]
[SourceDate "1994.03.01"]
[SourceVersion "1"]
[SourceVersionDate "1994.03.01"]
[SourceQuality "1"]
[WhiteTeam "England"]
[BlackTeam "Bulgaria"]
[WhiteTeamCountry "ENG"]
[BlackTeamCountry "BUL"]

1. e4 c5 2. Nf3 d6 3. d4 cxd4 4. Nxd4 Nf6 5. Nc3 g6 6. Be3 Bg7 7. f3 Nc6 8. Qd2
O-O 9. Bc4 Bd7 10. h4 h5 11. O-O-O Ne5 12. Bb3 Rc8 13. Bg5 Rc5 14. Kb1 b5 15.
g4 a5 (15... hxg4 16. h5 Nxh5 17. Nd5 Re8 18. Rxh5 gxh5 19. Qh2 Rxd5 (19... Rc4
{Karpov-Sznapik, Dubai ol 1986}) 20. Bxd5 Qb6 21. Qxh5 (21. Nf5 Bxf5 22. exf5
Nxf3 23. Qxh5 Nxg5 24. Qxg5 {+- Sznapik}) 21... e6 22. Bb3 gxf3 23. Bh6 Bxh6
24. Qxh6 f2 25. Nf5 exf5 26. Rh1 f1=Q+ 27. Rxf1 d5 $19 {Ivanovic-Romero,
Tarrassa 1989}) 16. gxh5 (16. Bxf6) 16... Nxh5 (16... a4 17. h6 Bh8 18. h7+
Nxh7 19. Bd5 b4 20. Nce2 Nxg5 21. hxg5 e6 22. Nf4 Bg7 23. Ndxe6 fxe6 24. Nxe6
Bxe6 25. Bxe6+ Nf7 $13 {Garcia,G-Kudrin, Salamanca 1989}) 17. Nd5 Re8 18. a3
Nc4 19. Qd3 (19. Qg2 $142 b4 $2 (19... Bc6) 20. a4 Bc6 21. Bxc4 Rxc4 22. Nxc6
Rxc6 23. Nf4 Nxf4 24. Bxf4 Qd7 25. h5 Qe6 26. hxg6 fxg6 27. Bh6 Rec8 28. Rd2
Bh8 29. Be3 Rc4 30. Qh2 Bg7 31. Qh7+ Kf7 32. Bh6 Qf6 33. Bxg7 Qxg7 34. Qh3 $16
{Sznapik-Sehner, Slupsk 1987}) 19... Be6 $1 20. c3 (20. Nxe6 fxe6 21. Nf4 (21.
Nc3 Kh7 $1 $17 {Pa4, xa3} (21... Nxa3+ 22. Kc1 Nc4 (22... Qc8 23. e5) 23. e5
$132)) 21... Nxf4 22. Bxf4 Nxb2 23. Bxe6+ Kh8 (23... Kh7 $19) 24. h5 g5 $19 (
24... Nxd3 $2 25. hxg6+ Bh6 26. Bxh6 Nf4 27. Bf8+)) (20. Nf4 Nxf4 21. Bxf4 a4
22. Nxe6 (22. Ba2 Qc8 $17) 22... fxe6 23. Bxc4 bxc4 24. Qe3 Qb6 25. e5 c3)
20... Bxd5 21. exd5 Qc8 22. Nc6 $2 (22. Rhe1 $142) 22... Nxa3+ 23. Ka2 (23.
bxa3 Rxc3 24. Qxb5 Qf5+ 25. Ka2 Rc2+) 23... Nc4 24. Rhe1 (24. Nxe7+ Rxe7 25.
Bxe7 Ne5 {Pa4}) 24... e6 $1 $17 25. dxe6 (25. Ne7+ Rxe7 26. Bxe7 Rxd5) 25...
Qxc6 26. exf7+ Kxf7 27. Bc2 Rxg5 28. Rxe8 (28. hxg5 Nf4 29. Qf1 Ne3) 28... Qxe8
29. hxg5 Nf4 30. Qe4 Qxe4 31. Bxe4 Be5 32. Bc6 b4 33. Kb3 Ne3 34. Re1 (34. Ra1
bxc3 35. bxc3 Ke6) 34... Nf5 35. Ra1 bxc3 36. bxc3 Nh3 (36... Ne6 $142 37. Bd5
(37. Rxa5 Ned4+) 37... Ne3 38. Bxe6+ (38. Rxa5 Nxd5 39. Rxd5 Nxg5) 38... Kxe6
39. Rxa5 Kf5) 37. Bd5+ Ke7 38. Ra4 $1 Nf4 (38... Ne3 39. Be4 (39. Bb7 Nxg5 40.
f4 Ne6 41. fxe5 Nc5+ 42. Ka3 Nc2+) 39... Nxg5 40. Bxg6 Nxf3 41. Rxa5 Nd2+ 42.
Kb4 Ke6 $17) 39. Be4 Ng3 $2 (39... Ne6 40. Rxa5 Nc5+ 41. Kb4 (41. Kc4 Ne3+ 42.
Kb4 Nxe4 43. fxe4 Nd1 44. Ra7+ Ke6 45. c4 Nf2) 41... Nxe4 42. fxe4 Ng3) 40. Bc2
Ne6 41. Rxa5 Nxg5 42. Bxg6 Nxf3 43. Ra7+ Kf6 (43... Ke6 $142 $15) 44. Rf7+ Kxg6
45. Rxf3 Ne4 46. Kb4 Kg5 47. c4 Bf4 48. Kb5 Be5 (48... Kf5 49. Kc6 Ke5 50. Rd3
{Pc5}) 49. Rf8 {/^f, <->d6} Nc5 50. Kc6 Ne6 51. Rf1 1/2-1/2

[Event "FRA-chT Top 16 GpA"]
[Site "Nancy"]
[Date "2005.??.??"]
[Round "?"]
[White "Bologan, Viktor"]
[Black "Wirig, Anthony"]
[Result "1-0"]
[WhiteElo "2683"]
[BlackElo "2396"]
[Annotator "RR"]
[PlyCount "63"]
[EventDate "2005.02.03"]
[EventType "team-match"]
[EventRounds "1"]
[EventCountry "FRA"]
[SourceTitle "EXT 2015"]
[Source "ChessBase"]
[SourceDate "2014.11.20"]
[SourceVersion "1"]
[SourceVersionDate "2014.11.20"]
[SourceQuality "1"]

1. e4 c5 2. Nf3 Nc6 3. d4 cxd4 4. Nxd4 g6 5. Nc3 Bg7 6. Be3 Nf6 7. Bc4 O-O 8.
Bb3 d6 9. f3 Bd7 10. Qd2 Rc8 11. O-O-O Nxd4 (11... Ne5 {La grande ligne}) 12.
Bxd4 b5 (12... a5) 13. Nd5 Nxd5 14. Bxg7 Kxg7 15. exd5 {[%csl Re7]} a5 {
[%cal Ga5a4]} 16. a3 b4 $5 {les noirs auront des compensations acceptables
mais face а un top GMI, c'est un choix risqué} 17. axb4 axb4 (17... Ra8 $5 {
[%cal Ga5a4]} 18. Rhe1 Re8 19. h4 Kg8 20. g4 $14 {Hracek,Z (2600)-Ristic,N 
(2475) YUG-chT Budva 2002 1-0}) 18. Qxb4 Kg8 19. Rhe1 {[%csl Re7]} Re8 {
les noirs doivent défendre la faiblesse "e7" mais la perte de temps pose
problème compatible lorsqu'on joue un gambit comme 17. b4 et les blancs vont
pouvoir centraliser les pièces lourdes} (19... Rb8 20. Qd4 Re8) 20. Rd3 {
[%csl Re7][%cal Gd3e3] Trés peu joué mais cette variante est peut-être
sous-évaluée} (20. Rd4 Rc5 {Korneev,O (2649)-Carlsson,P (2430) Dos Hermanas op
5th 2006 (3) 1-0}) (20. Re3 {[%cal Gd1e1]}) 20... Rc5 $6 {Trop lent} (20... Rb8
$142 21. Qd2 Qb6 22. Kd1 Bb5 {Cheparinov,I (2576)-Gashimov,V (2586) Calvia ol 
(Men) 2004 (10) 0-1}) 21. Rde3 $14 {[%csl Re7]} Qa8 $2 {Les noirs n'ont pas de
compensation} (21... Rb5 $142 22. Qd4) (21... Ra5 {Kravtsiv,M (2555)-Baratosi,
D (2433) Wch U20 Gaziantep 2008 (5) 1-0}) 22. Rxe7 Rb8 23. Qa3 Ra5 24. Qxd6
Ra1+ 25. Kd2 Qa5+ 26. c3 Rxb3 27. Re8+ Bxe8 28. Rxe8+ Kg7 29. Qf8+ Kf6 30. Re6+
Kg5 31. Re5+ f5 32. Qe7+ 1-0

[Event "Stockholm"]
[Site "Stockholm"]
[Date "2002.08.07"]
[Round "5"]
[White "Ernst, Thomas"]
[Black "Carlsson, Pontus"]
[Result "1-0"]
[WhiteElo "2462"]
[BlackElo "2400"]
[Annotator "Rogozenco,D"]
[PlyCount "59"]
[EventDate "2002.08.03"]
[EventType "tourn"]
[EventRounds "9"]
[EventCountry "SWE"]
[EventCategory "8"]
[SourceTitle "CBM 091"]
[Source "ChessBase"]
[SourceDate "2002.11.12"]
[SourceVersion "1"]
[SourceVersionDate "2002.11.12"]
[SourceQuality "1"]

1. e4 c5 2. Nf3 d6 3. d4 Nf6 4. Nc3 cxd4 5. Nxd4 g6 6. Be3 Bg7 7. f3 O-O 8. Qd2
Nc6 9. Bc4 Bd7 10. O-O-O Rb8 11. Bb3 Ne5 12. Bh6 Bxh6 $6 {Better is
immediately 12...b5. Bringing the queen to h6 in this position favours White
for two reasons:  1-the traditional activity of the queen on h6 makes the
advance of h-pawn much more dangerous and 2-(most important)-one of Black's
main ideas of Variation 10...Rb8 is to play b5 and Nc4, forcing White to take
on c4, which will open the b-file for the rook. When the queen left square d2
White will have no reasons to hurry with Bxc4. Thus the main idea of 10...Rb8
loses its attractiveness.} (12... b5 13. Bxg7 (13. h4 Nc4 14. Bxc4 bxc4 {
[%cal Gb8b2]}) 13... Kxg7 14. h4 Nc4 15. Qg5 Qb6 $13 {[%csl Rb2,Rb3,Re3][%cal
Ga7a5,Ga5a4,Ge7e5]}) 13. Qxh6 b5 14. h4 e6 (14... Nc4 15. h5 $16) (14... a5 {
no more time for this:} 15. h5 a4 16. hxg6 $18 axb3 17. Nd5 fxg6 18. Nxf6+ Kf7
{Black has no choice, everything else loses even quicker} 19. Nxd7 (19. Nxh7
bxa2 20. Nb3 {is also good for White, but less clear.}) 19... Qxd7 20. Qxh7+
Ke8 21. Nxb3 $18) 15. h5 Qe7 ({After} 15... Nxh5 {the following line is an
easy task for a true "Dragon-killer":} 16. Rxh5 gxh5 17. Rh1 Re8 18. Rxh5 Ng6
19. Qxh7+ Kf8 20. Rf5 $1 $18 {Knowing the classics always helps. I believe
that Karpov-Gik, Moscow 1968-69 was the first game to see for most of the
White players when looking for a weapon against Dragon. Same Rf5-idea was used
by Karpov in that game.}) 16. hxg6 fxg6 17. Qg5 Nf7 18. Qg3 {Black's chances
might look acceptable, since White has no direct threats. But in fact his
position is difficult due to multiple weaknesses in pawn formation. White just
needs to find a way to use it.} a5 19. Nce2 $1 {[%csl Rg6][%cal Ge2f4]} Rfc8 (
19... a4 20. Nf4 axb3 21. Nxg6 $18) 20. Nf4 $18 e5 21. Nxg6 hxg6 22. Nf5 $1 (
22. Qxg6+ Kf8 23. Nf5 Bxf5 24. exf5 {[%cal Gg2g4,Gg4g5] is also good, but
somewhat less spectacular.} Rb6 $1 ({less logical is} 24... Rc6 {because after
...d5 Bxd5 ...Nxd5 the rook on c6 will not be protected.} 25. Rh2 {[%cal Gd1h1]
} d5 26. Bxd5 $18) 25. Be6 $1 {and White is clearly winning anyway.} (25. g4 d5
26. g5 a4) (25. Bxf7 Qxf7 26. Rh8+ Ng8)) 22... Bxf5 23. exf5 g5 (23... d5 24.
fxg6 Nd8 25. Rxd5 $18) 24. Qxg5+ Kf8 25. Bxf7 Qxf7 26. Rxd6 Ng8 27. Rh8 Rxc2+
28. Kxc2 Qc4+ 29. Kd2 Qb4+ 30. Ke2 (30. Ke2 Qxb2+ (30... Qc4+ 31. Kf2 Qc5+ 32.
Kg3) 31. Rd2) 1-0

[Event "Governor's Cup 2nd"]
[Site "Kramatorsk"]
[Date "2001.11.22"]
[Round "11"]
[White "Efimenko, Zahar"]
[Black "Areshchenko, Alexander"]
[Result "1-0"]
[WhiteElo "2523"]
[BlackElo "2479"]
[Annotator "Rogozenco,D"]
[PlyCount "69"]
[EventDate "2001.11.16"]
[EventType "tourn"]
[EventRounds "14"]
[EventCountry "UKR"]
[EventCategory "10"]
[SourceTitle "CBM 086"]
[Source "ChessBase"]
[SourceDate "2002.02.05"]
[SourceVersion "1"]
[SourceVersionDate "2002.02.05"]
[SourceQuality "1"]

{The present game is remarkable because players didn't make new moves at all,
although they played quite a long game...} 1. e4 c5 2. Nf3 d6 3. d4 cxd4 4.
Nxd4 Nf6 5. Nc3 g6 {Playing Dragon requires the knowledge of the theory, not
only the wish to get a sharp position.} 6. Be3 Bg7 7. f3 Nc6 8. Qd2 O-O 9. Bc4
Bd7 10. O-O-O Rc8 11. Bb3 Ne5 12. h4 h5 13. Bg5 Rc5 14. g4 hxg4 15. f4 Nc4 16.
Qe2 b5 $6 (16... Qc8 $1 {gives enough counterchances.}) 17. f5 gxf5 $6 18. Bxf6
$1 ({innacurate is} 18. exf5 {because of} Re5) 18... Bxf6 19. exf5 Rxf5 20.
Qxg4+ Rg5 21. hxg5 Bxg4 22. gxf6 Bxd1 {Loses by force. The alternative is to
fight for a draw in an inferiour endgame after 22. ... exf6.} (22... exf6 23.
Rdg1 f5 24. Rh5 Re8 25. Bxc4 bxc4 (25... Re1+ 26. Rxe1 Bxh5 27. Bxb5 Qg5+ 28.
Kb1 Bg6 29. Be2 f4 30. Bf3 Qc5 31. Nce2 $18 {1-0 Almasi,Z-Farago,S/Budapest
1991/ (53)}) 26. Rxf5 Qh4 27. Nf3 Qh6+ 28. Kd1 Qg6 29. Rxg4 Qxg4 30. Rg5+ Qxg5
31. Nxg5 $14) 23. Nc6 Bf3 24. Nxe7+ Qxe7 25. Rg1+ Kh8 (25... Kh7 26. fxe7 Re8
27. Nxb5 Ne5 28. Nxa7 Rxe7 29. Nb5 d5 30. a4 f5 31. a5 Nc6 32. a6 Na7 33. Nd6
Be4 34. Nxe4 dxe4 35. Bd5 Re8 36. c4 e3 37. b4 {1-0 Csoma,R-Bessenyei,F/
HUN-ch32 corr 1991}) 26. fxe7 Re8 27. Nxb5 Ne5 28. Nxd6 Rxe7 29. Rf1 Kg8 30.
Nxf7 Rxf7 31. Kd2 Be4 32. Bxf7+ Nxf7 33. c4 Kf8 34. Kc3 Bb7 35. Re1 {Did Black
resign prematurely? Maybe yes - he could have repeated some more:} (35. Re1 Ng5
36. b4 Kf7 37. Re5 Ne6 38. Rb5 Nd8 39. Rh5 Ke7 40. b5 Kd7 41. Rh7+ Kc8 42. Re7
a6 43. a4 axb5 44. axb5 Bg2 45. Kb4 Nb7 46. c5 Bf1 47. c6 Nd6 48. b6 Bg2 49.
Rd7 {1-0 Tsuboi,E-Vescovi,G/BRA 1991/ (49)}) 1-0

[Event "Bundesliga 0506"]
[Site "Germany"]
[Date "2005.10.21"]
[Round "7.3"]
[White "Socko, Bartosz"]
[Black "Polzin, Rainer"]
[Result "0-1"]
[WhiteElo "2610"]
[BlackElo "2514"]
[Annotator "Rogozenco,D"]
[PlyCount "150"]
[EventDate "2005.10.21"]
[EventType "team-tourn"]
[EventRounds "15"]
[EventCountry "GER"]
[SourceTitle "CBM 110"]
[Source "ChessBase"]
[SourceDate "2006.01.31"]
[SourceVersion "1"]
[SourceVersionDate "2006.01.31"]
[SourceQuality "1"]
[WhiteTeam "Kreuzberg"]
[BlackTeam "Neukoelln"]
[WhiteTeamCountry "GER"]
[BlackTeamCountry "GER"]

1. e4 c5 2. Nf3 d6 3. d4 cxd4 4. Nxd4 Nf6 5. Nc3 g6 6. Be3 Bg7 7. f3 O-O 8. Qd2
Nc6 9. Bc4 Bd7 10. O-O-O Ne5 11. Bb3 Rc8 12. Kb1 {This line is still critical
for Dragon. Black players manage to find some small improvements in different
variations, but the assessment is clear: White has better prospects.} Nc4 (
12... Re8) 13. Bxc4 Rxc4 14. g4 Qb8 (14... b5 15. b3 $16) (14... Qc7 15. g5 (
15. h4 $5) 15... Nh5 16. Nd5 Qd8 17. Ne2 $14) (14... Re8 15. h4 $16) (14... Qa5
15. Nb3 $16 (15. g5 Nh5 16. Nd5 $14)) 15. Nde2 $5 {An interesting move, useful
in many cases. White protects once more the knight on c3 and if necessary the
knight can quickly go to g3.} (15. g5) (15. b3 Rcc8 $13) ({After} 15. h4 {
the main direction for Black players became} Rfc8 16. h5 Rxc3 (16... e6 17.
hxg6 fxg6 18. Nb3 Qc7 19. Bh6 Bh8 20. Bf4 Ba4 21. Bxd6 Qf7 22. Nxa4 Rxa4 23.
Be5 Rac4 24. c3 Bg7 25. Qf4 Rf8 26. Qh2 Nd7 {1-0 Milu,R-Gheng,J/Miercurea Ciuc
1998}) 17. bxc3 Qc7 $14) 15... Rfc8 (15... Be6 16. Bh6 b5 17. Bxg7 Kxg7 18. Nd4
Rfc8 19. Nce2 Bd7 20. Ng3 R4c5 21. Qe3 Kh8 22. Rd2 Qc7 23. Rc1 a5 24. h4 Rg8
25. g5 Nh5 26. Nxh5 gxh5 27. f4 $16 {1-0 Masserey,Y (2325)-Pinter,E (2410)/
Zemplinska Sirava 2004 (41)}) 16. Bh6 $146 (16. e5 $6 Ne8 17. exd6 Nxd6 18. Nd5
Rxc2 $17 {1/2-1/2 Esser,N (2333)-Verfuerth,T (2008)/Goch 2001 (20)}) 16... b5
17. Bxg7 Kxg7 18. g5 Nh5 (18... Ng8 19. Rc1 b4 20. Nd5 $16) 19. Nd5 Rxc2 (19...
Kf8 20. Ne3 R4c5 21. Ng3 $14 Rxg5 $140 22. Nd5 $36) 20. Qe3 $1 (20. Qxc2 $2
Rxc2 21. Kxc2 e6 $17) 20... e5 21. Ndc3 R2xc3 (21... b4 22. Kxc2 bxc3 23. Nxc3
$16) 22. Nxc3 Be6 23. Nd5 Qb7 24. Rd3 Rc5 25. Nf6 $2 {Unexpectedly this leads
to a position, which is practically impossible to win.} ({White had to improve
everything first and then play for a quick attack:} 25. Rhd1 b4 26. b3 a5 27.
h4 Qb5 (27... Qb8 28. Nf6 Nxf6 29. gxf6+ Kxf6 30. Rxd6 Qc7 31. Qh6 a4 32. h5
axb3 33. hxg6 bxa2+ 34. Ka1 hxg6 (34... fxg6 35. Qf8+ Kg5 (35... Qf7 36. Rxe6+
Kxe6 37. Rd6#) 36. Rg1+ Kh5 37. Rh1+ Kg5 38. Qh6+ Kf6 39. Qh4+ $18) 35. Qh8+
Ke7 36. Qh4+ f6 37. Qh7+ Bf7 38. Rd7+ $18) 28. Nf6 Nxf6 29. gxf6+ Kxf6 30. Rxd6
Rc8 (30... a4 31. f4 $40 exf4 32. Qxf4+ Kg7 33. Rxe6 fxe6 34. Rd8 g5 $8 35.
Qf8+ Kg6 36. Rd2 $1 g4 (36... gxh4 37. bxa4 Qc4 38. Rg2+ $18) (36... axb3 37.
h5+ Kxh5 38. Rh2+ Kg4 39. Rg2+ Kh5 40. Qf7+ Kh4 41. Qxh7#) 37. Qg8+ Kf6 38.
Rf2+ $18) 31. Rb6 $16 (31. f4 exf4 32. Qxf4+ Kg7 $14)) 25... Nxf6 26. gxf6+
Kxf6 27. Rxd6 Qc7 28. Rdd1 (28. Rhd1 Kg7 $14) 28... b4 29. Rc1 Rc4 $1 30. Rxc4
Qxc4 31. b3 Qb5 $14 {White cannot create threats without exposing his own king.
Bartosz is trying in vain to achieve something and finally oversteps the limit.
} 32. Rd1 a5 33. Qd3 Qc5 34. Qd8+ Kg7 35. Qd6 Qc3 36. Qd3 Qc5 37. Qd2 Qb5 38.
Qc2 Qb6 39. Qb2 f6 40. Qd2 Bf7 41. Kb2 Qb5 42. Qd3 Qc5 43. Rd2 Qg1 44. Qe2 Qa7
45. Qf2 Qc7 46. Qe3 Qc6 47. Rc2 Qd7 48. Qd2 Qa7 49. Rc6 Be8 50. Rd6 Bf7 51. Rd7
Qc5 52. h4 h5 53. Rb7 Kg8 54. Rb8+ Kg7 55. Ra8 (55. Qd8 Qc3+ 56. Kb1 Qe1+ 57.
Kc2 Qe2+ $11) 55... Qb6 56. Kb1 Qg1+ 57. Qc1 Qf2 $1 {Offering White a
possibility to go wrong.} (57... Qb6 $11) 58. Rxa5 $2 {and he goes for it.} (
58. Qc8 Qe1+ $11) 58... Qxf3 {[%csl Re4]} 59. Qe1 Qd3+ 60. Kc1 Qd4 $17 61. Ra4
g5 $1 {[%cal Gf7g6]} 62. hxg5 fxg5 63. Rxb4 Qa1+ 64. Kd2 Qxa2+ 65. Ke3 Qa7+ 66.
Ke2 h4 67. Qc1 (67. Qc3 $142) 67... Qa6+ 68. Ke1 Qf6 69. Qe3 g4 $19 70. Qf2 g3
71. Qxf6+ Kxf6 72. Rb8 h3 73. Kf1 Bg6 74. Rf8+ Kg7 75. Rf3 h2 0-1

[Event "Bundesliga 0506"]
[Site "Germany"]
[Date "2005.10.22"]
[Round "1.3"]
[White "Kritz, Leonid"]
[Black "Polzin, Rainer"]
[Result "1/2-1/2"]
[WhiteElo "2545"]
[BlackElo "2514"]
[Annotator "Rogozenco,D"]
[PlyCount "73"]
[EventDate "2005.10.21"]
[EventType "team-tourn"]
[EventRounds "15"]
[EventCountry "GER"]
[SourceTitle "CBM 110"]
[Source "ChessBase"]
[SourceDate "2006.01.31"]
[SourceVersion "1"]
[SourceVersionDate "2006.01.31"]
[SourceQuality "1"]
[WhiteTeam "Katernberg"]
[BlackTeam "Neukoelln"]
[WhiteTeamCountry "GER"]
[BlackTeamCountry "GER"]

1. e4 c5 2. Nf3 d6 3. d4 cxd4 4. Nxd4 Nf6 5. Nc3 g6 6. Be3 Bg7 7. f3 O-O 8. Qd2
Nc6 9. Bc4 Bd7 10. O-O-O Rc8 11. Bb3 Nxd4 12. Bxd4 b5 13. Nd5 Nxd5 14. Bxg7
Kxg7 15. exd5 a5 16. a3 b4 17. axb4 axb4 18. Qxb4 Kg8 19. Rhe1 Re8 {Black has
a long-therm positional compensation for the pawn} 20. Rd4 (20. Rd3 {allows
Black to arrange comfortably his pieces:} Rb8 (20... Rc5 21. Rde3 Qa8 $2 (21...
Bb5 22. f4 $14 {Bologan}) 22. Rxe7 Rb8 23. Qa3 Ra5 24. Qxd6 Ra1+ 25. Kd2 Qa5+
26. c3 $18 {1-0 Bologan,V (2683)-Wirig,A (2396)/France 2005 (32)}) 21. Qc3 (21.
Qd2 Qb6 22. Kd1 Bb5 23. c4 Bd7 24. Ree3 Qc5 25. Ke1 Rb4 (25... e5 26. dxe6 Bxe6
27. Ba4 Red8 28. b3 $14 {1-0 De Vreugt,D (2503)-Mamedov,R (2330)/Istanbul 2003
(57)}) 26. h4 h5 27. Kf2 Reb8 28. Kg3 e5 29. dxe6 Bxe6 $11 {0-1 Cheparinov,I 
(2576)-Gashimov,V (2586)/Mallorca 2004 (50)}) 21... Qb6 22. Kd1 Bb5 23. Rd4
Rec8 24. Qe3 Qa5 25. Re4 Rc7 26. Qd4 Rbb7 $11 {[%csl Rd1] 1/2-1/2 Smirnov,P 
(2615)-Gashimov,V (2579)/Istanbul 2003 (35)}) (20. g4 $6 Rc5 21. Re4 Qa8 22.
Rde1 Qa1+ 23. Kd2 Qxb2 24. Rxe7 $2 (24. Qd4 Qxd4+ 25. Rxd4 $15) 24... Rxe7 25.
Rxe7 Rxc2+ 26. Kd3 Bb5+ 27. Qxb5 Rd2+ {0-1 Pogonina,N (2382)-Petrosian,T (2477)
/playchess.com 2004}) 20... Rc5 (20... Rb8 {is possible here too, although
after} 21. Qd2 {a precise play is required:} (21. Qc3 Qb6 $44) 21... Ra8 $1 (
21... Qb6 22. Rh4 $1 (22. Kd1 Ra8 $1 23. Ke2 e5 24. dxe6 Bxe6 $11) 22... h5 $8
23. Qd4 Qa5 24. Rhe4 {and White is better. For instance:} Bb5 25. Rxe7 Qxe1+ (
25... Rxe7 26. Rxe7 Qa1+ 27. Kd2 Qf1 28. c4 $16) 26. Rxe1 Rxe1+ 27. Kd2 $16)
22. Qh6 Qa5 23. Kd1 Qa1+ 24. Qc1 (24. Ke2 Qxb2 25. Rh4 Qg7) 24... Qa7 25. c3
Qb6 26. Bc4 {This happened in a rapid internet game Kosteniuk,A (3098)-Golubev,
M (2551)/Internet Chess Club 2004 (47). As indicated by Golubev, Black has
good compensation after} Rec8 $44) 21. Kd1 {The run of the king from the
queenside represents White's most common plan.} (21. Kd2 Qc7 $1 (21... Qa8 22.
Rde4 Rb5 23. Qd4 Qa5+ 24. Qc3 Qd8 25. Qe3 Qa5+ 26. Ke2 $16 {1-0 Klimov,S (2475)
-Solovjov,S (2496)/St Petersburg 2005 (62)}) 22. Rde4 (22. Ke2 $2 Rb8 23. Qd2
Rxb3 $19) 22... Bf5 ({or} 22... Rb8 23. Qd4 Rxb3 24. cxb3 Rc2+ $44 {/=}) 23.
Qa4 Bd7 24. Qd4 (24. Rxe7 Bxa4 25. Rxc7 Rxc7 26. Bxa4 Rxe1 27. Kxe1 Rc5 28. Bb3
Kg7 $11) 24... Bf5 25. Qa4 $11) 21... Qa8 ({After} 21... Qc7 22. Qd2 Ra8 {
White must choose between 23.Qh6 and 23.Re3, since 23.Ke2 is no problem for
Black:} 23. Ke2 (23. Qh6 $142) (23. Re3 $142 e5 24. dxe6 Bxe6 25. Rxe6 $1 fxe6
26. Rxd6 {and according to Macieja White is better}) 23... Bf5 24. c3 Qb7 25.
Bc4 (25. Rb4 Rb5 26. Kf1 Rb8 27. Bc4 Rxb4 28. cxb4 Qxb4 29. Qxb4 Rxb4 30. b3
Kf8 {1/2-1/2 Housieaux,D (2329)-Bijaoui,M (2338)/Condom 2005}) 25... e5 26.
dxe6 Rxc4 27. Rxc4 Qb5 28. exf7+ Kxf7 29. Qf4 g5 (29... Rc8 $1 30. b3 d5 $17)
30. Qxd6 Qxc4+ 31. Kf2 Ra7 (31... Be6 $142 32. Re4 Ra6 33. Qe5 Qd5 34. Qxd5
Bxd5 35. Re5 $11) 32. Qe5 Kg6 33. g4 Bc8 34. Qd6+ Kf7 35. Qh6 Qc5+ 36. Kg2 Rc7
37. Qxh7+ Kf6 38. Qh8+ Kg6 39. Re8 $18 {1-0 Kotronias,V (2605)-Ristic,N (2445)/
Cutro 2004 (42)}) 22. Ke2 (22. Qd2 Qa1+ ({or} 22... Qa6 23. Rh4 Bf5 24. g4
Bxc2+ $1 25. Bxc2 Rec8 $40) 23. Qc1 Qa6 $1 $44 24. Rh4 Bf5 $44 25. Qh6 $140 $2
(25. g4 $2 Bxc2+ $19) 25... Bxc2+ 26. Bxc2 Rxd5+ $19) 22... Qa7 (22... Rb8 23.
Qd2 Qa7 {see 23.Qd2}) 23. Kf1 ({More problems sets} 23. Qd2 Rb8 24. Rb4 {
although the position looks drawish:} Bb5+ ({Macieja analyzes only} 24... Rxb4
25. Qxb4 Bf5 26. Qd2 $16) 25. c4 Ba6 26. Rxb8+ (26. Kf1 $2 Rxb4 27. Qxb4 Rxd5
$15) 26... Qxb8 27. Qd3 Qxb3 (27... Qb4 28. Rc1 e6 29. dxe6 Re5+ 30. Kf1 fxe6
31. Qc3 $14) 28. Qxb3 Bxc4+ 29. Qxc4 Rxc4 {The endgame must be a draw. Few
variations:} 30. Kd3 (30. Rb1 Kf8 $1 (30... Rd4 31. b4 Rxd5 32. b5 Rc5 33. b6
Rc8 34. Kd3 Kf8 35. b7 Rb8 36. Kc4 Ke8 37. Rb6 Kd7 38. Kb5 $18) (30... Rc2+ 31.
Kd3 Rxg2 32. b4 Rxh2 33. b5 Ra2 34. b6 Ra8 35. Kc4 $18) 31. b4 Ke8 32. Kd3 Rh4
33. b5 Kd8 34. b6 Kc8 35. b7+ Kb8 $11) 30... Rc5 ({Dangerous is} 30... Rb4 31.
Kc3 Rb7 32. b4 Kf8 33. Rb1 Ke8 34. b5 Rb6 35. Kb4 Kd7 36. Ka5 Rb8 37. Ka6 $1)
31. Kd4 (31. Rxe7 Rxd5+ 32. Kc3 (32. Kc4 Rd2 33. b4 Kf8 34. Ra7 Rxg2 35. b5 Rb2
$11) 32... Rc5+ $11) 31... Rc2 32. b4 Kf8 ({Again dangerous is to leave the
king too far from the b-pawn:} 32... Rxg2 33. Rb1 Rxh2 34. b5 Rd2+ (34... Rc2
35. b6 Rc8 36. b7 Rb8 37. Kc4 h5 38. Rb6 h4 39. Kb5 $18) 35. Kc4 Rc2+ 36. Kb4
$18) 33. Rb1 Ke8 34. b5 Kd7 35. b6 Kc8 36. Re1 Kb7 37. Rxe7+ Kxb6 38. Rxf7 Rd2+
39. Ke4 Re2+ 40. Kf4 Rxg2 41. Rxh7 Kc5 $11) 23... Rb8 24. Qd2 Rxb3 25. cxb3
Bb5+ 26. Rc4 (26. Re2 h5 (26... Qb6 27. b4 Rc7 28. Rde4 Ra7 $11) 27. Rc4 (27.
Ke1 $4 Rxd5 $1 28. Rxd5 Qg1#) (27. h4 Rc1+ 28. Kf2 Bxe2 29. Kxe2 Rh1 $36) 27...
Rxc4 28. bxc4 Bxc4 $11) 26... Rxc4 27. bxc4 Bxc4+ 28. Re2 Qb6 29. g3 Qb5 30.
Kf2 Bxe2 31. Qxe2 Qxd5 32. Qxe7 Qd4+ 33. Kf1 Qxb2 34. Qxd6 Qxh2 35. Qb8+ Kg7
36. Qe5+ f6 37. Qc7+ (37. Qc7+ Kh6 38. Qf4+ Kg7 (38... Kh5 $4 39. g4+ Kh4 40.
Qxh2+) 39. Qc7+ $11) 1/2-1/2